书目信息 |
| 题名: |
中国手语语言学概论
|
|
| 作者: | 邱云峰 , 姚登峰 , 李荣 , 刘春达 著 | |
| 分册: | ||
| 出版信息: | 北京 中国国际广播出版社 2018 |
|
| 页数: | 205页 | |
| 开本: | 24cm | |
| 丛书名: | 当代语言学丛书 | |
| 单 册: | ||
| 中图分类: | H126.3 | |
| 科图分类: | ||
| 主题词: | 手势语--shou shi yu--中国 | |
| 电子资源: | ||
| ISBN: | 978-7-5078-4106-0 | |
| 000 | 01590nam 2200361 450 | |
| 001 | 012001008272 | |
| 005 | 20131022134414.0 | |
| 010 | @a978-7-5078-4106-0@dCNY50.00 | |
| 099 | @aCAL 012018011306 | |
| 100 | @a20180108d2018 em y0chiy50 ea | |
| 101 | 0 | @achi |
| 102 | @aCN@b110000 | |
| 105 | @aak a 000yy | |
| 106 | @ar | |
| 200 | 1 | @a中国手语语言学概论@Azhong guo shou yu yu yan xue gai lun@f著邱云峰 ... [等] |
| 210 | @a北京@c中国国际广播出版社@d2018 | |
| 215 | @a205页@c图@d24cm | |
| 225 | 2 | @a当代语言学丛书@Adang dai yu yan xue cong shu |
| 300 | @a国家自然科学基金重大研究计划项目 国家社会科学基金重大项目资助 | |
| 304 | @a题名页题其余责任者: 姚登峰, 李荣, 刘春达 | |
| 306 | @a本书由人文在线出版基金资助出版 | |
| 314 | @a邱云峰, 湖北荆门人, 副教授。先后毕业于长江大学和山东大学。姚登峰, 副教授、硕士生导师, 毕业于清华大学中文系语言学及应用语言学专业。李荣, 北京市聋人学校高级教师。刘春达, 北京市手语研究会特聘顾问。 | |
| 320 | @a有书目 | |
| 330 | @a《中国手语语言学概论》是中国国内第一本手语语言学专业教材, 基本囊括了国内外手语语言学研究的最新成果, 涵盖了不断演化的关于手语结构的基本理论和用法。或许教材还有待继续完善, 但它解决了目前高校开设手语语言学课程后却无专业教材的燃眉之需, 更希望通过这方面的工作缩短与发达国家的距离。 | |
| 410 | 0 | @12001 @a当代语言学丛书 |
| 606 | 0 | @a手势语@Ashou shi yu@y中国 |
| 690 | @aH126.3@v5 | |
| 701 | 0 | @a邱云峰@Aqiu yun feng@4著 |
| 701 | 0 | @a姚登峰@Ayao deng feng@4著 |
| 701 | 0 | @a李荣@Ali rong@4著 |
| 701 | 0 | @a刘春达@Aliu chun da@4著 |
| 801 | 2 | @aCN@b上海新华@c20191020 |
| 905 | @b1180769-72@dH126.3@e39@f4 | |
| 中国手语语言学概论/著邱云峰 ... [等].-北京:中国国际广播出版社,2018 |
| 205页:图;24cm.-(当代语言学丛书) |
| 国家自然科学基金重大研究计划项目 国家社会科学基金重大项目资助 |
| ISBN 978-7-5078-4106-0:CNY50.00 |
| 《中国手语语言学概论》是中国国内第一本手语语言学专业教材, 基本囊括了国内外手语语言学研究的最新成果, 涵盖了不断演化的关于手语结构的基本理论和用法。或许教材还有待继续完善, 但它解决了目前高校开设手语语言学课程后却无专业教材的燃眉之需, 更希望通过这方面的工作缩短与发达国家的距离。 |
| ● |
| 相关链接 |
|
|
|
|
正题名:中国手语语言学概论
索取号:H126.3/39
 
预约/预借
| 序号 | 登录号 | 条形码 | 馆藏地/架位号 | 状态 | 备注 |
| 1 | 1180769 | 211807696 | 第二样本阅览室/ [索取号:H126.3/39] | 在馆 | |
| 2 | 1180770 | 211807703 | 第四借阅区/ [索取号:H126.3/39] | 在馆 | |
| 3 | 1180771 | 211807712 | 第四借阅区/ [索取号:H126.3/39] | 在馆 | |
| 4 | 1180772 | 211807721 | 第四借阅区/ [索取号:H126.3/39] | 在馆 |